Yanagi no hazue zenshaku /
Saved in:
| Main Author: | |
|---|---|
| Format: | Book |
| Language: | Japanese |
| Published: |
Tōkyō :
Yūkō Shobō,
Shōwa 31 [1956]
|
| Subjects: | |
| Tags: |
Add Tag
No Tags, Be the first to tag this record!
|
| LEADER | 01177nam a2200325ua 4500 | ||
|---|---|---|---|
| 001 | 007795014-3 | ||
| 005 | 20024617120653.0 | ||
| 008 | 920512s1956 ja af 000 0 jpn d | ||
| 035 | 0 | |a ocm26032043 | |
| 040 | |a NNC-EA |c NNC-EA |d *YNH* |d CStRLIN | ||
| 100 | 1 | |6 880-01 |a Okada, Hajime, |d 1905-1979. | |
| 245 | 1 | 0 | |6 880-02 |a Yanagi no hazue zenshaku / |c [chosha Okada Hajime]. |
| 260 | |6 880-03 |a Tōkyō : |b Yūkō Shobō, |c Shōwa 31 [1956] | ||
| 300 | |a 203 p., [2] p. of plates : |b ill. ; |c 13 x 20 cm. | ||
| 500 | |a Includes indexes. | ||
| 500 | |a Colophon inserted. | ||
| 500 | |a Issued in case. | ||
| 500 | |a Another title in caption: Tenpō no suetsumuhana. | ||
| 630 | 0 | 0 | |6 880-04 |a Yanagi no hazue. |
| 650 | 0 | |a Erotic poetry, Japanese. | |
| 730 | 0 | 2 | |6 880-05 |a Yanagi no hazue. |f 1956. |
| 740 | 0 | |6 880-06 |a Tenpō no suetsumuhana. | |
| 880 | 1 | |6 100-01 |a 岡田甫, |d 1905-1979. | |
| 880 | 1 | 0 | |6 245-02 |a 柳の葉末全釋/ |c [著者岡田甫].. |
| 880 | |6 260-03 |a 東京: |b 有光書房, |c 昭和31 [1956] | ||
| 880 | 0 | 0 | |6 630-04 |a 柳の葉末. |
| 880 | 0 | 2 | |6 730-05 |a 柳の葉末. |f 1956. |
| 880 | 0 | |6 740-06 |a 天保の末摘花. | |
| 988 | |a 20021214 | ||
| 906 | |0 OCLC | ||


